[Event "TUR-ch U07/12"]
[Site "Antalya"]
[Date "2023.01.27"]
[Round "9"]
[White "Sezgin, Mustafa"]
[Black "Gorur, Ege"]
[Result "1-0"]
[WhiteElo "1570"]
[BlackElo "1285"]
[PlyCount "65"]
[EventDate "2023.01.17"]
[EventType "swiss"]
[EventRounds "10"]
[EventCountry "TUR"]
[SourceTitle "EXT 2024"]
[Source "ChessBase"]
[SourceDate "2023.10.10"]
[SourceVersion "1"]
[SourceVersionDate "2023.10.10"]
[SourceQuality "1"]

1. d4 d5 2. c4 e6 3. Nf3 Nf6 4. g3 Be7 5. Bg2 c6 6. 0-0 0-0 7. Nc3 Nbd7 8. Qc2 Re8 9. e4 dxe4 10. Nxe4 Nxe4 11. Qxe4 Bd6 12. Rd1 Nf6 13. Qe2 Qe7 14. Ne5 Nd7 15. Bf4 f6 16. Nd3 Bxf4 17. Nxf4 e5 18. Re1 Qd6 19. Rad1 Rf8 20. dxe5 Qxe5 21. Qc2 Qa5 22. Re7 Ne5 23. Be4 f5 24. Bd5+ cxd5 25. Rxe5 Qc7 26. Rexd5 b6 27. Qc3 Rb8 28. Qd4 Re8 29. Rd8 Rxd8 30. Qxd8+ Qxd8 31. Rxd8+ Kf7 32. Nd5 b5 33. c5 1-0